Mathematics past and present : Fourier integral operators
Αποθηκεύτηκε σε:
| Κύριος συγγραφέας: | |
|---|---|
| Άλλοι συγγραφείς: | , , |
| Μορφή: | Βιβλίο |
| Γλώσσα: | English |
| Δημοσίευση: |
Berlin ; Heidelberg :
Springer,
c1994
|
| Θέματα: | |
| Ετικέτες: |
Προσθήκη ετικέτας
Δεν υπάρχουν, Καταχωρήστε ετικέτα πρώτοι!
|
MARC
| LEADER | 00000nam a2200000 i 4500 | ||
|---|---|---|---|
| 001 | 1/80689 | ||
| 008 | 990512s1994 eng d | ||
| 020 | |a 3-540-56741-0 | ||
| 035 | |l 10050700 | ||
| 040 | |a GR-MY-UA |b gre |e aacr | ||
| 041 | 0 | |a eng | |
| 082 | 0 | |a 515.723 | |
| 100 | 1 | |a Duistermaat, J. J. |q (Johannes Jisse) |d 1942- | |
| 245 | 1 | 0 | |a Mathematics past and present : |b Fourier integral operators / |c selected classical articles by J.J. Duistermaat, V.W. Guilemin and L. Hormander ; Jochen Bruning, Victor Guillemin, editors |
| 260 | |a Berlin ; Heidelberg : |b Springer, |c c1994 | ||
| 300 | |a 283 p.; |c 24 cm. | ||
| 500 | |a Includes bibliographical references | ||
| 650 | 0 | 0 | |a Fourier integral operators. |
| 700 | 1 | |a Guillemin, Victor William |d 1937- | |
| 700 | 1 | |a Hormander, Lars. | |
| 700 | 1 | |a Bruning, Jochen. |4 edt | |
| 852 | |a INST |b SAMOS |e 19990512 |h 515.723 DUI |p 005300014683 |q 005300014683 |t BK |y 0 | ||
| 901 | |a BIBL3-1999-2 | ||
| 909 | |a Σ |b 064451 | ||
| 922 | |a 3ΕΛΗ |b 199902 |c ΚΠΣ |d GLORY | ||